Normal view MARC view

Entry Personal Name

Number of records used in: 2

001 - CONTROL NUMBER

  • control field: 1239876

003 - CONTROL NUMBER IDENTIFIER

  • control field: OSt

005 - DATE AND TIME OF LATEST TRANSACTION

  • control field: 20260514122647.0

008 - FIXED-LENGTH DATA ELEMENTS

  • fixed length control field: 260514|| aca||aabn | a|a d

040 ## - CATALOGING SOURCE

  • Original cataloging agency: OSt
  • Transcribing agency: OSt

100 ## - HEADING--PERSONAL NAME

  • Personal name: Dr.Seema Kapoor

670 ## - SOURCE DATA FOUND

  • Source citation: Work cat.: (OSt)1851593: Daniel Dr.Shilpa B. 1239874, Pharmacokinetic and Pharmacogenomic Correlation of Blood Levels of Rifampicin in Patients with Tuberculosis.
Copyright @ Delhi University Library System